Statistiques concernant Les villes les plus peuplées d'Alsace

Cliquez ici pour prendre le quiz!

Statistiques générales

  • Ce quiz a été pris 49 fois
  • Le résultat moyen est 7 sur 15

Statistiques - réponses

RangPopulationRéponse% Correct
1280.966Strasbourg
100%
2109.443Mulhouse
96%
369.105Colmar
96%
819.252Sélestat
72%
434.504Haguenau
62%
626.780Illkirch-Graffenstaden
49%
531.894Schiltigheim
45%
721.177Saint-Louis
40%
1214.317Wittenheim
19%
1017.093Bischheim
17%
918.324Lingolsheim
15%
1413.055Kingersheim
15%
1114.691Illzach
13%
1313.902Rixheim
13%
1512.647Riedisheim
9%

Distribution des résultats

Percentile par nombre de réponses

% des personnes avec chaque résultat

Votre développement - résultats

Vous n’avez pas pris ce quiz